000 00459nam a2200181Ia 4500
001 1167
005 20260306140612.0
008 260306t2002||||xx |||||||||||||| ||spa||
041 _aESP
082 _a185
_bT69B
100 _aTomás de Aquino, Santo
_eAUT
245 0 _aComentarios al libro de Aristóteles sobre el cielo y el mundo
260 _c2002
300 _a540 páginas :
_c24 cm.
650 _aGEN
654 _aCHU
942 _cLIB
_dJUS
_fJUS
_2ddc
_n
999 _c1167
_d1167